000 00645nmm a2200181Ia 4500
008 251105s9999||||xx |||||||||||||||||und||
020 _a9781643360041
041 _aeng
100 _aStroup, Rodger E.
245 0 _aMeet Me at the Rocket :
_b A History of the South Carolina State Fair
264 _a[Washington, Estados Unidos] :
_bUniversity of South Carolina Press,
_c[Fecha de publicación no identificada]
300 _a0 pƔginas
700 _aStroup, Rodger E.
700 1 _a Edgar, Walter B.
700 1 _a State Agricultural and Mechanical Society of SC
856 _uhttps://public.digitaliapublishing.com/a/83325
942 _cCF
999 _c71795
_d71795